000 01472nam0a2200325 i 4500
001 RU\NLR\bibl\1942268
005 20260406024048.0
010 _a9785435700282
_bв пер.
_913800
021 _aRU
_b2012-59148
_94339
035 _a(nilc)RSL-KNO-005479931
035 _a(NLR Aleph) 001931532
090 _a3442424
_c3442424
100 _a20120813d2012 u y0rusy50 ca
101 1 _arus
_ceng
102 _aRU
105 _aa zzzz|||||
200 1 _aДомашняя оранжерея
_e[иллюстрированный справочник
_eпрактичные советы и рекомендации для новичков и профессионалов]
_fред. Кэри Томас
_g[пер. с англ. Н. Габриелян]
210 _aСанкт-Петербург
_cПетроглиф
_d2012
215 _a63 с.
_cцв. ил.
_d25
225 1 _aНаш сад
_eколлекция иллюстрированных справочников
_v28
606 _aДекоративные растения
_jСправочники
_xВыращивание в контейнерах
_92513968
_3RU\NLR\auth\661490122
686 _aП27-455.5я2
_2rubbk
686 _aП274-455.5я2
702 1 _4340
_8rus
_7ca
_aТомас
_bК.
_cрастениевод
_gКэри
_3RU\NLR\auth\77125617
_9108542
801 0 _aRU
_bRuMoRKP
_c20120813
_grcr
801 1 _aRU
_bРГБ
_c20120813
801 2 _aRU
_bNLR
_c20120906
_grcr
942 _cBOOK
980 _aNBR